000 00386nam a22001457a 4500
005 20170516111754.0
008 170516b xxu||||| |||| 00| 0 eng d
040 _cPK-LaUMT
082 _aZIAC 297.01
_bQUT-K
100 _aQutab , Sayyed
245 _aKhasais al tasawur ul Islami /
_cSayyed Qutab
260 _aبیروت:
_bدارالشروق،
_c[ ]
300 _a236 ص
942 _cBK
999 _c93579
_d93579